|
|
|
|
| LEADER |
01880cam a2200361 a 4500 |
| 001 |
0000088608 |
| 005 |
20100316090000.0 |
| 040 |
|
|
|a mod
|
| 041 |
|
|
|a eng
|
| 020 |
|
|
|a 9789831243022
|
| 090 |
0 |
0 |
|a 923.7595
|b SID
|e 2007
|
| 100 |
0 |
|
|a Sidek Baba
|
| 245 |
1 |
0 |
|a Seteguh tekad
|c Prof Dr. Sidek Baba
|
| 260 |
|
|
|a Shah Alam
|b Alaf 21
|c 2007
|
| 300 |
|
|
|a 319 p.
|c 22 cm
|
| 600 |
0 |
0 |
|a Sidek Baba, 1946 -
|
| 650 |
0 |
0 |
|a Authors, Malay
|x Malaysia
|x Biography
|
| 650 |
0 |
0 |
|a Authobiography
|
| 650 |
0 |
0 |
|a Educators
|x Malaysia
|x Biography
|
| 852 |
0 |
0 |
|a 01
|
| 999 |
|
|
|a 0262954
|b POP TD
|d BOOKS
|e Umum
|f POP TD
|j AVAILABLE
|q GOOD CONDITION
|
| 999 |
|
|
|a 0263374
|b Markas Garison Gemas
|d BOOKS
|e Umum
|f Markas Garison Gemas
|j AVAILABLE
|q GOOD CONDITION
|
| 999 |
|
|
|a 0266533
|b Batalion Pertama Rejimen Sempadan
|d BOOKS
|e Umum
|f Other Branches
|j AVAILABLE
|q GOOD CONDITION
|
| 999 |
|
|
|a 0267040
|b 12 Rejimen Askar Melayu Diraja
|d BOOKS
|e Umum
|f Other Branches
|j AVAILABLE
|q GOOD CONDITION
|
| 999 |
|
|
|a 0276119
|b KEMENTAH
|d BOOKS
|e Umum
|f Perpustakaan KEMENTAH
|j AVAILABLE
|q GOOD CONDITION
|
| 999 |
|
|
|a 0277162
|b Markas Pemerintahan Latihan & Doktrin
|d BOOKS
|e Umum
|f Markas Pemerintahan Latihan & Doktrin
|j AVAILABLE
|q GOOD CONDITION
|
| 999 |
|
|
|a 0280069
|b 8 BGD
|d BOOKS
|e Umum
|f 8 BGD
|j WEEDED
|q GOOD CONDITION
|
| 999 |
|
|
|a 0284469
|b 2 Rejimen Semboyan Diraja
|d BOOKS
|e Umum
|f Other Branches
|j AVAILABLE
|q GOOD CONDITION
|
| 999 |
|
|
|a 0284539
|b 3 Rejimen Kor Polis Tentera Diraja
|d BOOKS
|e Umum
|f Other Branches
|j LOST IN CIRCULATION
|q GOOD CONDITION
|
| 999 |
|
|
|a 0284616
|b 1 Rejimen Renjer Diraja
|d BOOKS
|e Umum
|f Other Branches
|j WEEDED
|q GOOD CONDITION
|
| 999 |
|
|
|a 0285004
|b 3 DIV
|d BOOKS
|e Umum
|f 3 DIV
|j AVAILABLE
|q GOOD CONDITION
|
| 999 |
|
|
|a 0285115
|b 1 Rejimen Renjer Diraja
|d BOOKS
|e Umum
|f Other Branches
|j AVAILABLE
|p
|q GOOD CONDITION
|
| 999 |
|
|
|a HP0000017
|b 71 Rejimen Semboyan Diraja
|d BOOKS
|e Umum
|f Other Branches
|j AVAILABLE
|p 1
|q GOOD CONDITION
|